Escort Girl- Guizmo - Paroles - Statistiques

Statistiques générales
  • Ce quiz a été pris 29 fois
  • Le résultat moyen est 323 sur 500
Statistiques - réponses
Paroles % Correct
de
100%
a
95%
à
95%
A
95%
des
95%
Des
95%
Elle
95%
elle
95%
et
95%
Et
95%
Un
95%
un
95%
une
95%
Une
95%
c'est
90%
C'est
90%
le
90%
mais
90%
Mais
90%
pas
90%
sa
90%
son
90%
Son
90%
tro-mé
90%
les
85%
poupée
85%
si
85%
dit
80%
du
80%
80%
est
80%
lui
80%
ne
80%
par
80%
plus
80%
que
80%
visage
80%
en
75%
girl
75%
Je
75%
je
75%
la
75%
qui
75%
ses
75%
va
75%
vie
75%
ça
70%
Ca
70%
copine
70%
devenu
70%
donner
70%
escarpins
70%
escorte
70%
il
70%
mannequin
70%
n'a
70%
Paris
70%
père
70%
sais
70%
te
70%
17
65%
ans
65%
banlieue
65%
billet
65%
devenue
65%
grossistes
65%
parisienne
65%
vient
65%
air
60%
aucun
60%
avion
60%
chasse
60%
chez
60%
comme
60%
destin
60%
divorcés
60%
dort
60%
l'école
60%
manger
60%
parents
60%
petit
60%
Pour
60%
qu'elle
60%
respecte
60%
sur
60%
tes
60%
t'es
60%
T'es
60%
coup
55%
coupé
55%
fini
55%
mal
55%
mère
55%
stand
55%
ton
55%
cotoie
50%
c'qu'elle
50%
d'la
50%
été
50%
êtes
50%
étrangers
50%
Facebook
50%
insta
50%
mecs
50%
meilleure
50%
mimi
50%
naïf
50%
officiel
50%
ou
50%
peine
50%
repère
50%
RER
50%
silhouette
50%
snappe
50%
sortie
50%
tir
50%
Tu
50%
Vous
50%
vous
50%
Allo
45%
aussi
45%
beaucoup
45%
clope
45%
foyer
45%
jamais
45%
legging
45%
louper
45%
maintenant
45%
même
45%
minuit
45%
moi
45%
quai
45%
rien
45%
rusés
45%
satin
45%
s'est
45%
avez
40%
C'était
40%
dans
40%
fume
40%
gratte
40%
l'habitude
40%
Louboutin
40%
n'est
40%
passe
40%
portera
40%
promis
40%
ramène
40%
regardent
40%
toi
40%
claque
35%
Comment
35%
j'arrive
35%
maligne
35%
nuit
35%
rencontrer
35%
Airbnb
30%
composé
30%
Coute
30%
coute
30%
crois
30%
enlevé
30%
était
30%
évoluer
30%
fait
30%
grosses
30%
J'vais
30%
j'vais
30%
monnaie
30%
num
30%
Ouais
30%
papillon
30%
potes
30%
préservatifs
30%
rendre
30%
sixième
30%
sous
30%
tristesse
30%
trois
30%
visite
30%
voitures
30%
attirée
25%
ballons
25%
clean
25%
deux
25%
diamants
25%
Dieu
25%
dire
25%
dissimulée
25%
filles
25%
j'ai
25%
jour
25%
l'HP
25%
nom
25%
on
25%
Parce
25%
petite
25%
rotte-ca
25%
sauté
25%
sentiment
25%
serrent
25%
s'servir
25%
t'as
25%
toutes
25%
veut
25%
avait
20%
combien
20%
facilite
20%
l'appartement
20%
merde
20%
Merde
20%
nos
20%
petites
20%
pouvait
20%
Rejoins
20%
soeurs
20%
tenir
20%
Tous
20%
voulait
20%
biff
15%
d'arriver
15%
d'elle
15%
détails
15%
d'fois
15%
étaient
15%
ie-v
15%
j'sais
15%
luxe
15%
nous
15%
parmi
15%
physiques
15%
qu'la
15%
Revenez
15%
simuler
15%
J'l'ai
10%
jugée
10%
paye
10%
phones-tel
10%
ppes-sa
10%
raclos
10%
ris-Pa
10%
terre
10%
Zanotti
10%
crocs
5%
cruelle
5%
escortes
5%
Hum
5%
wallaye
5%
perduadée
0%
Aucun quiz correspondant
Distribution des résultats
% des personnes avec chaque résultat
Percentile par nombre de réponses
Votre historique - résultats
Vous n’avez pas pris ce quiz